Central Library OPAC University of Rajshahi

The Critics of Keynesian economics / (Record no. 18749)

MARC details
000 -LEADER
fixed length control field 00849cam a2200253 a 4500
001 - CONTROL NUMBER
control field 18749
003 - CONTROL NUMBER IDENTIFIER
rucl marc code BD-RjUL
005 - DATE AND TIME OF LATEST TRANSACTION
control field 20211209000329.0
008 - FIXED-LENGTH DATA ELEMENTS--GENERAL INFORMATION
fixed length control field 140222s1960 mdu b 000 0 eng
035 ## - SYSTEM CONTROL NUMBER
System control number (BD-RjUL)18807
040 ## - CATALOGING SOURCE
Original cataloging agency DLC
Transcribing agency DLC
Modifying agency DLC
-- OCoLC
-- DLC
-- BD-RjUL
Language of cataloging eng
041 ## - LANGUAGE CODE
Language code of text/sound track or separate title eng
082 00 - DEWEY DECIMAL CLASSIFICATION NUMBER
Classification number 330.156
Edition number 19
Author mark and year CRI 1960
245 04 - TITLE STATEMENT
Title The Critics of Keynesian economics /
Statement of responsibility, etc. edited with an introduction and new preface by Henry Hazlitt.
260 ## - PUBLICATION, DISTRIBUTION, ETC. (IMPRINT)
Place of publication, distribution, etc. Lanham, MD :
Name of publisher, distributor, etc. D. Van,
Date of publication, distribution, etc. c1960.
300 ## - PHYSICAL DESCRIPTION
Pagination x, 427 p. ;
Size 23 cm.
500 ## - GENERAL NOTE
General note Reprint. Originally published: New Rochelle, N.Y. : Arlington House, [1977], c1960.
504 ## - BIBLIOGRAPHY, ETC. NOTE
Bibliography, etc Includes bibliographical references.
650 #0 - SUBJECT ADDED ENTRY--TOPICAL TERM
Topical term or geographic name as entry element Keynesian economics.
9 (RLIN) 6593
700 1# - ADDED ENTRY--PERSONAL NAME
Personal name Hazlitt, Henry,
Dates associated with a name 1894-1993.
942 ## - ADDED ENTRY ELEMENTS (KOHA)
Source of classification or shelving scheme Dewey Decimal Classification
Koha item type Books
Holdings
Lost status Source of classification or shelving scheme Damaged status Not for loan Collection code Permanent Location Current Location Shelving location Date acquired Source of acquisition Cost, normal purchase price Total Checkouts Full call number Date last seen Copy number Koha item type
  Dewey Decimal Classification     Non-fiction Central Library, University of Rajshahi Central Library, University of Rajshahi   15/11/1965 Zeitlinger 54.00   330.156 CRI 1960 22/02/2014 C-3 Books